|
|
แสดงรายละเอียดบรรณานุกรม |
|
|
Brief Record
: Get Marc (ISO 2709)
: E-mail record
: |
| LEADER 00000nama 2200000uu 4500 | |||
| 008 040531s|||| th m m a000 0 tha d | |||
| 041 tha | |||
| 050 อ WY 18 ม226ส 2552. | |||
| 100 มหาวิทยาลัยขอนแก่น คณะแพทยศาสตร์ ฝ่ายวิชาการและวิเทศสัมพันธ์. | |||
| 245 สรุปผลการสัมมนาเชิงปฎิบัติการ คุณภาพการเรียนการสอนภาคปฏิบัติของหลักสูตรการศึกษาพยาบาล วันที่ 21 กุมภาพันธ์ 2552/ ฝ่ายวิชาการและวิเทศสัมพันธ์ คณะพยาบาลศาสตร์ มหาวิทยาลัยขอนแก่น. | |||
| 260 ขอนแก่น. คณะแพทย์ศาสตร์ มหาวิทยาลัยขอนแก่น. 2552. | |||
| 300 62 หน้า. | |||
| 650 1.คุณภาพการจัดการเรียนการสอน. | |||
| 995 002 | |||
| คุณยังไม่ได้ล็อกอิน คุณสามารถมีกิจกรรมร่วมกับเว็บไซต์ได้ แต่ต้องล็อกอินก่อน :: |
|
| สถานะ | |||||||||
| 1. | หนังสือทั่วไป | อ WY 18 ม226ส 2552. | On Shelf ขอยืม | ||||||
| [แสดง 1/1 รายการ] | |||||||||
BibComment |
| คอมเมนท์ทรัพยากรรายการนี้ |
|
|